000 00550nam a2200193Ia 4500
003 LDD
008 181029s9999 xx 000 0 und d
020 _a9788175332409
_c995.00
040 _cLDD
100 _aPrasad, Rajeev
245 0 _aReligion across border
_cRajeev Prasad
260 _aNew Delhi
_bMD Publications
_c2010
300 _avi, 327p.
365 _b995.00
901 _a5951
_b14-08-2010
902 _aADB/112/D/2010
_b31-08-2010
_cF
_dARUNIM
_eSW
903 _aDiscount-15
_bReqst by : Gracious Thomas
942 _2ddc
_cBK
999 _c90607
_d90607